Recent Political Thought (Record no. 4355)

MARC details
000 -LEADER
fixed length control field 00362nam a22001577a 4500
005 - DATE AND TIME OF LATEST TRANSACTION
control field 20160628093625.0
008 - FIXED-LENGTH DATA ELEMENTS--GENERAL INFORMATION
fixed length control field 160628b xxu||||| |||| 00| 0 eng d
041 ## - LANGUAGE CODE
Language code of text/sound track or separate title eng
082 ## - DEWEY DECIMAL CLASSIFICATION NUMBER
Item number 10699
100 ## - MAIN ENTRY--AUTHOR NAME
Personal name Coker, francis W
245 ## - TITLE STATEMENT
Title Recent Political Thought
260 ## - PUBLICATION, DISTRIBUTION, ETC. (IMPRINT)
Name of publisher World press
Year of publication 1993
300 ## - PHYSICAL DESCRIPTION
Number of Pages 559
650 ## - SUBJECT ADDED ENTRY--TOPICAL TERM
Topical Term Management
942 ## - ADDED ENTRY ELEMENTS (KOHA)
Koha item type Books
Holdings
Lost status Damaged status Collection code Home library Current library Shelving location Date acquired Cost, normal purchase price Full call number Accession Number Koha item type
    LIFE SKILL JRU Library JRU Library SHELF-103-I 28/06/2016 80.00 10699 10699 Books
    LIFE SKILL JRU Library JRU Library SHELF-103-I 28/06/2016 80.00 10699 10700 Books